Elementos de mecánica de fluidos : versión si
| Main Authors: | , |
|---|---|
| Format: | Section = Libro |
| Language: | Undetermined Spanish |
| Published: |
México
Continental
1989
|
| Edition: | 3a.ed. |
| Subjects: |
| LEADER | 00534nam a2200205Ia 4500 | ||
|---|---|---|---|
| 008 | 240830s9999 xx 000 0 und d | ||
| 020 | |a 968-26-0817-1 | ||
| 040 | |a CEDOC FIQ-RUSB / 532.05 V462 | ||
| 041 | |a spa | ||
| 082 | |a 532.05 V462 | ||
| 100 | 1 | |a Vennard, John K. | |
| 100 | 1 | |b Street, Robert L. | |
| 245 | 1 | 0 | |a Elementos de mecánica de fluidos : versión si |
| 250 | |a 3a.ed. | ||
| 260 | |a México |b Continental |c 1989 | ||
| 300 | |a 851 p. : il | ||
| 650 | 7 | |a MECANICA DE FLUIDOS | |
| 942 | |c BK |2 ddc | ||
| 991 | |a TEXTO | ||
| 999 | |c 13576 | ||